[Event "RUS-CHN Match Rapid"]
[Site "Sochi RUS"]
[Date "2009.08.21"]
[Round "1"]
[White "Zhou Jianchao"]
[Black "Timofeev,Arty"]
[Result "1-0"]
[WhiteElo "2623"]
[BlackElo "2681"]
[EventDate "2009.08.21"]

1. Nf3 d5 2. d4 e6 3. c4 c6 4. e3 f5 5. Be2 Nf6 6. O-O Bd6 7. b3 Qe7 8. Bb2
O-O 9. Qc1 b6 10. Ba3 Bxa3 11. Qxa3 Qxa3 12. Nxa3 a5 13. cxd5 exd5 14. Rfc1
Bb7 15. Ne5 Rc8 16. Nb1 Nbd7 17. f4 Kf8 18. Nc3 Ke7 19. Rc2 c5 20. Rac1
cxd4 21. exd4 Kd8 22. Bb5 Nf8 23. Bd3 g6 24. Kf2 Ne6 25. Ke3 Bc6 26. Na4
Bxa4 27. bxa4 Rxc2 28. Rxc2 Ke7 29. Rb2 Nd7 30. Nxd7 Kxd7 31. Rxb6 Ra7 32.
h3 Rc7 33. g4 fxg4 34. hxg4 Rc3 35. f5 gxf5 36. gxf5 Ng5 37. Rb5 Kd6 38.
Rxa5 Ne4 39. Ra6+ Ke7 40. Rb6 Nd6 41. f6+ Kd7 42. Rb3 Rc7 43. Bxh7 Ke6 44.
Bg8+ Kxf6 45. Bxd5 Ra7 46. Rb4 Ra5 47. Bb3 Rh5 48. Rb6 Ke7 49. d5 Rh4 50.
Kd3 Kd7 51. a5 Nc8 52. Rb7+ Kd6 53. a6 1-0

[Event "RUS-CHN Match Rapid"]
[Site "Sochi RUS"]
[Date "2009.08.21"]
[Round "2"]
[White "Vitiugov,N"]
[Black "Zhou Jianchao"]
[Result "1-0"]
[WhiteElo "2681"]
[BlackElo "2623"]
[EventDate "2009.08.21"]

1. c4 Nf6 2. Nc3 d5 3. cxd5 Nxd5 4. g3 g6 5. Bg2 Nb6 6. d3 Bg7 7. Be3 N8d7
8. Qd2 Nf6 9. Bh6 Bxh6 10. Qxh6 Qd4 11. h3 c6 12. Nf3 Qb4 13. Rb1 Be6 14.
O-O Qc5 15. g4 Nbd5 16. Rfc1 Qd6 17. e3 Nxc3 18. bxc3 O-O-O 19. Nd4 Bd7 20.
Nb3 Ng8 21. Qg5 h5 22. Qa5 hxg4 23. Nc5 Rh5 24. Qxd8+ Kxd8 25. Nxb7+ Kc7
26. Nxd6 gxh3 27. Nxf7 hxg2 28. f4 Nf6 29. Ne5 Bh3 30. Nxg6 Ng4 31. e4 e6
32. Rb2 Rh6 33. Ne5 Nxe5 34. fxe5 c5 35. Rf2 Rh5 36. Rf3 Kc6 37. Kf2 1-0

[Event "RUS-CHN Match Rapid"]
[Site "Sochi RUS"]
[Date "2009.08.21"]
[Round "5"]
[White "Tomashevsky,E"]
[Black "Zhou Jianchao"]
[Result "1-0"]
[WhiteElo "2689"]
[BlackElo "2623"]
[EventDate "2009.08.21"]

1. c4 e5 2. Nc3 Nf6 3. Nf3 Nc6 4. g3 Bb4 5. Nd5 e4 6. Nh4 Bc5 7. Bg2 O-O 8.
O-O Re8 9. e3 Nxd5 10. cxd5 Nb4 11. f3 exf3 12. Qxf3 f6 13. d4 Bf8 14. Bd2
Na6 15. e4 c5 16. e5 cxd4 17. exf6 Qxf6 18. Qh5 Re5 19. Qg4 d6 20. Qxd4 Qd8
21. Bc3 Bd7 22. Qf4 Re7 23. Nf5 Bxf5 24. Qxf5 Qb6+ 25. Kh1 Rae8 26. Rae1
Qd8 27. b4 Nc7 28. Qf2 b6 29. a4 Qc8 30. Rxe7 Rxe7 31. a5 bxa5 32. bxa5 a6
33. Bb2 Qe8 34. Qb6 Rf7 35. Rxf7 Qxf7 36. Kg1 g6 37. Bd4 Qe7 38. Bf2 Bh6
39. Bf3 Bd2 40. Kg2 Bc3 41. Qb8+ Kg7 42. Qb6 h5 43. h4 Kf7 44. Be3 Nb5 45.
Bf2 Qc7 46. Qxa6 Qxa5 47. Qb7+ Kf6 48. Qc8 Qc7 49. Qe8 Nd4 50. Be4 Qe7 51.
Qxg6+ Ke5 52. Bb1 Kxd5 53. Qxh5+ Kc6 54. Qg6 Kc5 55. h5 Qb7+ 56. Be4 d5 57.
Bf3 Kc4 58. Bg4 Nb3 59. Be2+ Kb4 60. h6 Nc1 61. Bf3 Nb3 62. h7 Nd2 63. Qd3
Nxf3 64. Qb1+ 1-0

[Event "RUS-CHN Match Rapid"]
[Site "Sochi RUS"]
[Date "2009.08.22"]
[Round "6"]
[White "Timofeev,Arty"]
[Black "Zhou Jianchao"]
[Result "1-0"]
[WhiteElo "2681"]
[BlackElo "2623"]
[EventDate "2009.08.21"]

1. e4 c5 2. Nf3 d6 3. d4 cxd4 4. Nxd4 Nf6 5. Nc3 a6 6. Be3 e6 7. Be2 Qc7 8.
f4 b5 9. Bf3 Bb7 10. a3 Be7 11. O-O O-O 12. Qe1 Nbd7 13. Kh1 Nb6 14. Rd1
Rac8 15. Rd3 Nfd7 16. Bc1 Bf6 17. Rd1 Qb8 18. Nce2 Qa8 19. Ng3 Bh4 20. Nb3
Nc4 21. Rf2 Nf6 22. Re2 d5 23. e5 Ne4 24. Nd4 g6 25. b3 Nb6 26. Bd2 Nd7 27.
Re3 Nb8 28. Bb4 Rfd8 29. Bxe4 dxe4 30. Bd6 Nc6 31. Nxc6 Rxc6 32. Qe2 f5 33.
c4 bxc4 34. bxc4 Qc8 35. Rc3 Bxg3 36. hxg3 Rb6 37. c5 Bd5 38. Rxd5 exd5 39.
Qd1 Qc6 40. cxb6 Qxc3 41. Qxd5+ Kg7 42. Kh2 e3 43. Qb7+ Kh6 44. Be7 g5 45.
Bxg5+ Kg6 46. Qe7 1-0

[Event "RUS-CHN Match Rapid"]
[Site "Sochi RUS"]
[Date "2009.08.22"]
[Round "7"]
[White "Zhou Jianchao"]
[Black "Vitiugov,N"]
[Result "1-0"]
[WhiteElo "2623"]
[BlackElo "2681"]
[EventDate "2009.08.21"]

1. Nf3 d5 2. d4 Nf6 3. c4 e6 4. Nc3 Bb4 5. cxd5 exd5 6. Bg5 Nbd7 7. Qb3 c5
8. O-O-O Bxc3 9. Qxc3 c4 10. Qe3+ Qe7 11. Qxe7+ Kxe7 12. Ne5 h6 13. Bd2 a5
14. f3 Nb6 15. g4 Be6 16. h4 Nfd7 17. Rg1 Rhc8 18. f4 Nxe5 19. dxe5 d4 20.
Bg2 c3 21. bxc3 Bd5 22. Be1 Bxg2 23. Rxg2 dxc3 24. Rg3 Na4 25. Rgd3 b5 26.
Rd7+ Ke8 27. e6 Nc5 28. Rxf7 Nxe6 29. Rdd7 Nxf4 30. Rde7+ Kd8 31. h5 Nd5
32. Rb7 Rc7 33. Rbxc7 Nxc7 34. Rxg7 Ra6 35. Bxc3 Rc6 36. Kd2 b4 37. Be5 Nd5
38. Rg6 Rxg6 39. hxg6 Ke7 40. e4 Nf6 41. g7 Ng8 42. Kd3 a4 43. Kc4 b3 44.
a3 Ke6 45. Bb2 Ne7 46. Kb5 Kf7 47. Kxa4 Nc8 48. Kxb3 Nd6 49. e5 Ne4 50. e6+
Kg8 51. Be5 Nc5+ 52. Kc4 Nxe6 53. a4 Nd8 54. Kb5 Nf7 55. Bc7 1-0

[Event "RUS-CHN Match Rapid"]
[Site "Sochi RUS"]
[Date "2009.08.22"]
[Round "8"]
[White "Zhou Jianchao"]
[Black "Nepomniachtchi,I"]
[Result "0-1"]
[WhiteElo "2623"]
[BlackElo "2632"]
[EventDate "2009.08.21"]

1. Nf3 d5 2. d4 c6 3. c4 e6 4. e3 Bd6 5. Be2 f5 6. O-O Nf6 7. b3 Qe7 8. Bb2
b6 9. Qc1 Bb7 10. Ba3 c5 11. Nc3 Nbd7 12. cxd5 exd5 13. Qc2 Ne4 14. dxc5
bxc5 15. Nb5 Bb8 16. Rad1 O-O 17. Nc3 Ndf6 18. Rfe1 Nxf2 19. Nxd5 Nxd5 20.
Kxf2 Nb4 21. Bc4+ Kh8 22. Bxb4 cxb4 23. Bd5 a5 24. Bxb7 Qxb7 25. Qc5 Ba7
26. Qd5 Qxd5 27. Rxd5 f4 28. Nd4 fxe3+ 29. Kxe3 Rae8+ 30. Kd2 Rd8 0-1

[Event "RUS-CHN Match Rapid"]
[Site "Sochi RUS"]
[Date "2009.08.22"]
[Round "9"]
[White "Malakhov,V"]
[Black "Zhou Jianchao"]
[Result "1/2-1/2"]
[WhiteElo "2707"]
[BlackElo "2623"]
[EventDate "2009.08.21"]

1. c4 Nf6 2. Nc3 d5 3. cxd5 Nxd5 4. g3 g6 5. Bg2 Nxc3 6. bxc3 Bg7 7. Nf3 c5
8. Qa4+ Nd7 9. O-O O-O 10. d4 Nb6 11. Qa5 cxd4 12. cxd4 Be6 13. Rb1 Qd5 14.
Qxd5 Bxd5 15. Ba3 Bxa2 16. Rb2 Bd5 17. Bxe7 Rfe8 18. Bc5 Nc4 19. Rc2 b6 20.
Ne1 Bxg2 21. Kxg2 bxc5 22. Rxc4 cxd4 23. Kf3 a5 24. Ra4 Ra6 25. Nd3 Rf6+
26. Kg2 Rxe2 27. Rxa5 Re8 28. Rfa1 h5 29. Ra8 Rfe6 30. R1a5 Kf8 31. Rxe8+
Rxe8 32. Rd5 Ke7 33. Nc5 Rb8 34. Nd3 Rb3 35. Nf4 Rb7 36. Kf3 Rd7 37. Rxd7+
Kxd7 38. Nd3 Kc6 39. h3 Kd5 40. g4 Bh6 41. Ke2 Bg5 42. f3 Be3 43. Kf1 Ke6
44. Ke2 f5 45. gxh5 gxh5 46. Kf1 Kf6 47. Kg2 Ke6 48. Kf1 Kd5 49. Ke2 Kc4
50. Ne5+ Kc3 51. Nd3 Kc4 1/2-1/2